000 005570000a22001810004500
001 8296
041 0 _aSPA
082 0 4 _aG 270 L878h
100 1 _aLortz, Joseph (1887-)
245 1 0 _aHistoria de la iglesia : En la perspectiva de la historia del pensamiento / Joseph Lortz
260 _aMadrid, España : Cristiandad
300 _a630 Pag
505 0 0 _at.1 : Antigüedad y edad media t2 : Edad moderna y contemporánea
942 _cBK
999 _c38472
_d38472
336 _atexto
_btxt
_2rdacontent
337 _2rdamedia
_asin mediación
_bn
338 _2rdacarrier
_avolumen
_bnc